Регионална библиотека "Любен Каравелов" - Русе

Човекът и природата V клас (Запис номер 138431)

MARC детайли
000 -Лидер
Контролно поле с фиксирана дължина 01806nam a2200385 c 4500
003 - Код на организацията, давaща контролен номер
Контролно поле BLK
005 - Дата и час на последна редакция
Контролно поле 20240916095132.0
008 - Елементи от данни с фиксирана дължина
fixed length control field 180409b bul|||||r ||||||| ||bul||
010 ## - Наследен системен номер
LC control number KNG00144422000
020 ## - Международен стандартен номер на книга ISBN
Международен стандартен номер на книга ISBN 978-954-360-006-9
-- издат.: АзБуки-Просвета - на том(кн. за учит.)
040 ## - Източник на каталожния запис
Идентификатор на билиотеката - собственик на записа BLK
041 ## - Код за език
Код за езика на текст/звукозапис или на отделно заглавие Български
Код за езика КДБФ Български
072 #7 - Код за тематичната категория
Код организация bullib
Код за тематична категория Н372
Текст Учебни предмети. Учебници Н
080 ## - УДК
Текстов определител УДК Методика по природознание
УДК код - определител по УДК 372.850.2
УДК определител (072)
УДК - код + определител 372.850.2(072)
139 ## - Редно поле
Редна дума Човекът и природата V клас
Авторски знак Чо - Ч 89
245 10 - Сведения за заглавието
Заглавие Човекът и природата V клас
Редно поле (дума) авт. на том Лиляна Боянова; * Лиляна Боянова Йорданова.
Том Кн. за учителя
257 ## - Страна на издаване
Страна на създаване/издаване България
260 ## - Област на издателските данни
-- София
Година на издаване 2006
Печатница За том: София : Родина
300 ## - Физическа характеристика
Размери/Мащаб 24 см
380 ## - Жанр
Жанр Обществени науки
650 #4 - Допълнително описание по предмет – тема
Основно описание – тема или топоним Природознание - учебници за основни училища
9 (RLIN) 246376
653 ## - Ключова дума – ненормативна
Ключова дума природознание
653 ## - Ключова дума – ненормативна
Ключова дума книга за учителя
653 ## - Ключова дума – ненормативна
Ключова дума V кл.
659 ## - Тематичен бюлетин
Тематичен бюлетин Н
700 ## - Други автори (авторска отговорност)
Лично име Боянова, Лиляна
Пълна форма на името Йорданова, Лиляна Боянова
9 (RLIN) 366905
700 1# - Други автори (авторска отговорност)
Лично име Йорданова, Лиляна Боянова
Автороска отговорност (Описва отношението между автора и произведението) *
9 (RLIN) 364055
760 1# - Описание на основната серия
-- - на том(кн. за учит.)
Място на издаване, издател и година АзБуки-Просвета, 2006
Страници - том 183 с.
Забележка - том Комплект с учебник и уч. тетр. - Пълното име на авт. е Лиляна Боянова Йорданова
Заглавие Кн. за учителя
852 ## - Местоположение
Форматна сигнатура Цб 260180
856 4# - Електронен адрес и достъп
Електронен формат pdf - файл
Път до файла /url/
856 4# - Електронен адрес и достъп
Електронен формат pdf - файл
Път до файла /url/
942 ## - АРТИКУЛИ
Вид на библиотечния материал Книги
Скрит в OPAC Не
944 ## - СЪЗДАВАНЕ И РЕДАКЦИЯ на ЗАПИСА
Създаване/Редакция Създаване
Дата на регистрацията/редакция 25.06.2013
Служител, извършил регистрацията/редакцията 30550
Статус, дата на статуса Кети Илиева
944 ## - СЪЗДАВАНЕ И РЕДАКЦИЯ на ЗАПИСА
Създаване/Редакция Редакция
Дата на регистрацията/редакция 18.11.2013
Служител, извършил регистрацията/редакцията
999 ## - СИСТЕМНИ КОНТРОЛНИ НОМЕРА
Koha biblionumber 138431
Koha biblioitemnumber 138431
Наличности
Код за отписване Код за изгубен артикул Код за повреда Коз за рестрикции Код за отдаване Артикулен № Име на библиотеката - собственик Име на библиотеката, в която се намира в момента Статус (Текущо местоположение) Дата на вписване в системата Местоположение - отдел Цена в лева Инвентарен номер Систематично азбучна сигнатура Баркод Номер на екземпляра Цена в евро Служебна бележка Служебен тип на артикула
  Не е изгубен Не е повреден без рестрикции ползва се в читалня 226300 Регионална библиотека "Любен Каравелов" Русе Регионална библиотека "Любен Каравелов" Русе Хранилище 2013-06-26 Хранилище 6.00 120000767538 Цб 260180 120000767538 1 3.07 Дост: Dp Вид: Д N: 9 Дата: 27.02.2012 Книги
Vip Innovations Ltd, Rousse, Bulgaria 2025